000 00456cam a22001934a 4500
005 20250605164152.0
008 250528s ||||||||||||||||||||||||d
035 _a19419
020 _a9602092300
040 _aGR-AtMCL
_bgre
_dGR-AtMCL
_eAACR2
245 1 _aMICROSOFT ACCESS 2
250 _a1
260 _bΚλειδάριθμος,
_c1994
300 _a231
700 1 _aCowart Robert
_91531
942 _cBK
999 _c4675
_d4675